000 00483nam a22001577a 4500
999 _c17510
_d17510
008 190301b xxu||||| |||| 00| 0 eng d
020 _a8184501377
040 _aKABU
_cKABU
050 _aRA644.8
_b.G64 2009 c. 1
100 _aGoel, S.L.
245 _aEducation of communicable and non-communicable diseases
_cS.L. Goel
260 _aNew Delhi
_bDeep & Deep Publications
_c2009
300 _axv, 434 p.
650 _aDiseases
_vPrevention
_zIndia
942 _2lcc
_cBK
_hRA644.8